| Tag |
First Indicator |
Second Indicator |
Subfields |
| LEADER |
00000cam a2200000 4500 |
| 001 |
in00000010850 |
| 005 |
20151007051930.0 |
| 008 |
720918s1972 mbca b 00110 eng |
| 010 |
|
|
|a 76152511
|
| 015 |
|
|
|a C***
|
| 020 |
|
|
|a 0887551106
|
| 035 |
|
|
|a (OCoLC)00500856
|
| 035 |
|
|
|9 AAA5512AM
|
| 040 |
|
|
|a DLC
|c DLC
|d TXA
|d UtOrBLW
|
| 049 |
|
|
|a TXAM
|c [A12605928]
|
| 050 |
0 |
0 |
|a P93
|b .C3
|
| 082 |
0 |
|
|a 001.5
|
| 100 |
1 |
|
|a Carney, Thomas F.
|
| 245 |
1 |
0 |
|a Content analysis ;
|b a technique for systematic inference from communications /
|c by Thomas F. Carney.
|
| 264 |
|
1 |
|a Winnipeg :
|b University of Manitoba Press,
|c 1972
|
| 264 |
|
3 |
|c 1979 printing
|
| 300 |
|
|
|a xx, 344 pages :
|b illustrations ;
|c 24 cm.
|
| 336 |
|
|
|a text
|b txt
|2 rdacontent
|
| 337 |
|
|
|a unmediated
|b n
|2 rdamedia
|
| 338 |
|
|
|a volume
|b nc
|2 rdacarrier
|
| 504 |
|
|
|a Bibliography: pages 323-332.
|
| 650 |
|
0 |
|a Content analysis (Communication)
|
| 999 |
|
|
|a MARS
|
| 999 |
f |
f |
|s c519a804-c7ad-355b-940b-29e88a9ac64f
|i 95baf818-d839-3ba4-a906-fec44037c261
|t 0
|
| 952 |
f |
f |
|p ric
|a Texas A&M University
|b Rellis Campus
|c Joint Library Facility
|s JLF
|d Remote Storage
|t 0
|e P93 .C3
|h Library of Congress classification
|i unmediated -- volume
|m A14812605928
|
| 998 |
f |
f |
|a P93 .C3
|t 0
|l Remote Storage
|